| 000 | 00945cam a2200265 4500 | ||
|---|---|---|---|
| 001 | ABS61398 | ||
| 008 | 000000n1999 000 0 eng u | ||
| 035 | _a(Sirsi) u100972 | ||
| 100 | _aVivian, J. | ||
| 245 | 4 | _aThe lease has ended; the litigation has just begun | |
| 260 | _c1999 | ||
| 490 |
_aProperty Week _v64(36) 17 September 1999, 64-65(2) |
||
| 520 | _aIllustrates the difficulties of establishing the date of a lease's expiry. Looks at the end of a period of tenancy and the obligations of the tenant and remedies available to the landlord. | ||
| 590 | _aABS | ||
| 650 | _aBUSINESS TENANCIES | ||
| 650 | _aEXPIRY | ||
| 650 | _aOBLIGATIONS | ||
| 650 | _aREMEDIES | ||
| 650 | _aESSELTE AB & ANOTHER V PEARL INSURANCE | ||
| 650 | _aBALLARD (KENT) LTD V OLIVER ASHWORTH (HOLDINGS) LTD | ||
| 650 | _aLANDLORD AND TENANT ACT 1954 | ||
| 690 | _aLANDLORD AND TENANT-BUSINESS TENANCIES | ||
| 700 | _aWhite, G. | ||
| 942 | _n0 | ||
| 999 |
_c60264 _d60264 |
||